Logo BPK

Biblioteka

Politechniki Koszalińskiej

Geschichte der Sprachphilosophie : (Rekord nr 49407)

Szczegóły MARC
000 -ETYKIETA REKORDU
podpole kontrolne o stałej długości 00853nam a2200265 i 4500
001 - NUMER KONTROLNY REKORDU
pole kontrolne bgj
020 ## - MIĘDZYNARODOWY ZNORMALIZOWANY NUMER KSIĄŻKI - ISBN
ISBN 3825222667
040 ## - ŹRÓDŁO KATALOGOWANIA
Instytucja, która utworzyła rekord BPK
041 0# - KOD JĘZYKA
Kod języka tekstu ger
044 ## - KOD KRAJU WYDAWCY/PRODUCENTA
Kod kraju wydawcy/producenta DEU
080 ## - UNIWERSALNA KLASYFIKACJA DZIESIĘTNA - UKD
UKD 81'1
920 ## - Międzynarodowy znormalizowany numer książki – ISBN
ISBN 3-88252-226-7
008 - POLE O STAŁEJ DŁUGOŚCI - DANE KONTROLNE
podpole kontrolne o stałej długości s gw f |000 0 ger
100 1# - NAZWA OSOBOWA
Nazwa osobowa COSERIU, Eugenio.
245 10 - TYTUŁ/ODPOWIEDZIALNOŚĆ
Tytuł Geschichte der Sprachphilosophie :
Ciąg dalszy tytułu von den Anfängen bis Rousseau /
Pozostałe elementy strefy tytułu i oznaczenia odpowiedzialności Eugenio Coseriu ; neu bearbeitet und erweitert von Jörn Albrecht ; mit einer Vor-Bemerkung von Jürgen Trabant.
260 ## - STREFA ADRESU WYDAWNICZEGO
Miejsce wydania Tübingen ;
-- Basel :
Nazwa wydawcy/dystrybutora A. Francke Verlag,
Data publikacji, dystrybucji/powstania dokumentu 2003.
300 ## - STREFA OPISU FIZYCZNEGO
Objętość XXII, 410 s. :
Inne cechy fizyczne wykr. ;
Rozmiary 22 cm.
490 1# - STREFA SERII I DOKUMENTU WIELOCZĘŚCIOWEGO - FORMA NIE DO WYSZUKIWANIA
Tytuł i oznaczenie odpowiedzialności serii UTB für Wissenschaft
Numeracja w obrębie serii 2266
504 ## - UWAGA DOTYCZĄCA BIBLIOGRAFII
Informacje o bibliografii Bibliogr. s. 390-405. Indeks.
650 9# - HASŁO PRZEDMIOTOWE W FORMIE NAZWY OGÓLNEJ LUB JEDNOSTKOWEJ
Nazwa ogólna lub geograficzna Językoznawstwo
700 1# - HASŁO DODATKOWE - NAZWA OSOBOWA
Nazwa osobowa ALBRECHT, Jörn.
700 1# - HASŁO DODATKOWE - NAZWA OSOBOWA
Nazwa osobowa TRABANT, Jürgen.
830 ## - HASŁO DODATKOWE SERII LUB DOKUMENTU WIELOCZĘŚCIOWEGO - TYTUŁ UJEDNOLICONY
Tytuł ujednolicony UTB für Wissenschaft
942 ## - DODATKOWE ELEMENTY (KOHA)
Typ dokumentu Książka
Egzemplarze
Wycofany Status egzemplarza Uszkodzony Dostępność Lokalizacja stała Lokalizacja bieżąca Miejsce przechowywania Sygnatura Kod kreskowy Dział Typ dokumentu
      Tylko na miejscu Biblioteka Politechniki Koszalińskiej Biblioteka Politechniki Koszalińskiej Czytelnia Wydziałowa ul. Kwiatkowskiego 6e N 1054 02437026 81=112.2 Językoznawstwo (język niemiecki) Książka
© 2023 Biblioteka Politechniki Koszalińskiej :: KOHA